00784nam a2200217 a 4500008004100000020002200041245006600063260009400129300003400223440004100257500002000298504004100318650002400359650002700383653006800410700002000478710004100498003000100539005001700540040000900557  a0863410537 (hbk.)00aRobots and automated manufacture /cedited by J. Billingsley. aLondon, UK :bP. Peregrinus on behalf of the Institution of Electrical Engineers,cc1985. axii, 233 p. :bill. ;c23 cm. aIEE control engineering series ;v28 aIncludes index. aIncludes bibliographical references. 0aRobots, Industrial. 0aFactoriesxAutomation. aManufactured goodsaAssemblyaApplications of industrial robots1 aBillingsley, J.2 aInstitution of Electrical Engineers.20230123133840.0 cNUST